Catálogo público

Sistema agroindustrial pulpo en la región Progreso, Yucatán / (Record no. 173889)

MARC details
000 -CABECERA
campo de control de longitud fija 02180nam a2200385Ia 4500
001 - NÚMERO DE CONTROL
campo de control dia_326
003 - IDENTIFICADOR DEL NÚMERO DE CONTROL
campo de control CHAP
005 - FECHA Y HORA DE LA ÚLTIMA TRANSACCIÓN
campo de control 20240507122704.0
007 - CAMPO FIJO DE DESCRIPCIÓN FÍSICA--INFORMACIÓN GENERAL
campo de control de longitud fija ta
008 - DATOS DE LONGITUD FIJA--INFORMACIÓN GENERAL
campo de control de longitud fija 220117s2016 mx ado fr 001 0 spa d
040 ## - FUENTE DE LA CATALOGACIÓN
Centro/agencia transcriptor CHAP
Centro catalogador/agencia de origen mxchpua
090 ## - LOCALMENTE ASIGNADO TIPO-LC NÚMERO DE CLASIFICACIÓN (OCLC); NÚMERO DE CLASIFICACIÓN LOCAL (RLIN)
Número de clasificación (OCLC) (R) ; Numero de clasificación, CALL (RLIN) (NR) T.C.714
Número cutter local (OCLC) ; Número de libro/Signatura topográfica íntegra, CALL (RLIN) L67 SAI
Año 2016
245 10 - MENCIÓN DE TÍTULO
Título Sistema agroindustrial pulpo en la región Progreso, Yucatán /
Mención de responsabilidad, etc. coordinador Vicente López Bautista ; colaboradores Iván Cagal Cruz...[et al.]
260 ## - PUBLICACIÓN, DISTRIBUCIÓN, ETC.
Lugar de publicación, distribución, etc. México :
Nombre del editor, distribuidor, etc. El autor,
Fecha de publicación, distribución, etc. 2016
300 ## - DESCRIPCIÓN FÍSICA
Extensión 82 hojas :
Otras características físicas ilustraciones, gráficas, diagramas, tablas, fotos +
Material acompañante/anejo 1 CD-ROM
336 ## - TIPO DE CONTENIDO
Fuente rdacontent
Término de tipo de contenido texto
Código de tipo de contenido txt
337 ## - TIPO DE MEDIO
Fuente rdamedia
Nombre/término del tipo de medio no mediado
Código del tipo de medio n
338 ## - TIPO DE SOPORTE
Fuente rdacarrier
Nombre/término del tipo de soporte volumen
Código del tipo de soporte nc
500 ## - NOTA GENERAL
Nota general 6° año Grupo 1 --<br/>El CD contiene reporte
502 ## - NOTA DE TESIS
Nota de tesis Viaje de Estudios
Tipo de título (SAI) --
Nombre de la institución que otorga el título UACH. Departamento de Ingeniería Agroindustrial,
Año de obtención del título 2016
504 ## - NOTA DE BIBLIOGRAFÍA, ETC.
Nota de bibliografía, etc. Bibliografía: hoja 82
505 ## - NOTA DE CONTENIDO CON FORMATO
Nota de contenido con formato Empresas visitadas: --
Título 1. Comite sistema producto pulpo -- <br/>2. Industría Pesquera del Sureste, S. A. de C. V. -- <br/>3. EUROEMPACK -- <br/>4. Distribuidora El Tigre del Sureste, S. A. de C. V. -- <br/>5. Congeladora MARYUC, S. A. de C. V. -- <br/>6. MASPESCA, S. A. de C.V. -- <br/>7. PULMEROS -- <br/>8. PROPESCA -- <br/>9. UNAM SISAL -- <br/>10. CINVESTAV -- <br/>11. CIMAR, S. C. -- <br/>12. Comercial Océanica, S. A. de C. V. -- <br/>13. Costa Pura, S. A. de C. V. -- <br/>14. Pulpesmar, S. de R. L. de C. V. -- <br/>15. Hielos MASPESCA -- <br/>16. CONAPESCA -- <br/>17. FIRCO -- <br/>18. Caiman Products, S. A. de C. V. -- <br/>19. Comercializadora Dora Océanica -- <br/>20. CESAI -- <br/>21. COFEPRIS -- <br/>22. Pez y Pulpo Cuevas, S. A. de C. V. -- <br/>23. Artes de Pesca
650 13 - PUNTO DE ACCESO ADICIONAL DE MATERIA--TÉRMINO DE MATERIA
Término de materia o nombre geográfico como elemento de entrada Octopus vulgaris
Subdivisión general Industria y comercio
9 (RLIN) 154661
Subdivisión geográfica México
-- Yucatán
650 13 - PUNTO DE ACCESO ADICIONAL DE MATERIA--TÉRMINO DE MATERIA
Término de materia o nombre geográfico como elemento de entrada Octopus vulgaris
Subdivisión general Industry and trade
9 (RLIN) 154661
Subdivisión geográfica Mexico
-- Yucatán
700 1# - PUNTO DE ACCESO ADICIONAL--NOMBRE DE PERSONA
Nombre de persona López Bautista, Vicente
9 (RLIN) 147030
Término indicativo de función/relación coordinador
700 1# - PUNTO DE ACCESO ADICIONAL--NOMBRE DE PERSONA
Nombre de persona Cagal Cruz, Iván
Término indicativo de función/relación colaborador
9 (RLIN) 154662
856 41 - LOCALIZACIÓN Y ACCESO ELECTRÓNICOS
Identificador Uniforme del Recurso <a href="http://10.13.5.2/ve/TC714SAI/TC714SAI2016-REPORTE.pdf">http://10.13.5.2/ve/TC714SAI/TC714SAI2016-REPORTE.pdf</a>
Texto de enlace DESCARGAR REPORTE
942 ## - ELEMENTOS DE PUNTO DE ACCESO ADICIONAL (KOHA)
Fuente del sistema de clasificación o colocación Clasificación Universidad Autónoma de Chapingo
901 ## - ELEMENTOS DE DATOS A LOCAL LDA (RLIN)
a T.C.714 L67 SAI 2016
902 ## - ELEMENTOS DE DATOS B LOCAL, LDB (RLIN)
a M
905 ## - ELEMENTOS DE DATOS E LOCAL, LDE (RLIN)
a 5232272016 mx ndl 8223123322spa16
942 ## - ELEMENTOS DE PUNTO DE ACCESO ADICIONAL (KOHA)
Tipo de ítem Koha Viaje de Estudios
Holdings
Estado de retiro Estado de pérdida Fuente del sistema de clasificación o colocación Estado dañado Restricciones de uso No para préstamo Código de colección Localización permanente Ubicación/localización actual Fecha de adquisición Fuente de adquisición Total de préstamos Signatura topográfica completa Código de barras Fecha visto por última vez Número de copia Precio válido a partir de Tipo de ítem Koha Fecha del último préstamo Ubicación en estantería
    Clasificación Universidad Autónoma de Chapingo   Préstamo interno   Viajes de Estudio Ingenieria Agroindustrial Ingenieria Agroindustrial 18/01/2022 El autor   T.C.714 L67 SAI 2016 1106010255 18/01/2022 Ej. 3 18/01/2022 CD    
    Clasificación Universidad Autónoma de Chapingo   Préstamo interno   Viajes de Estudio Ingenieria Agroindustrial Ingenieria Agroindustrial 18/01/2022 El autor   T.C.714 L67 SAI 2016 1106010253 26/01/2026 Ej. 1 18/01/2022 Viaje de Estudios    
    Clasificación Universidad Autónoma de Chapingo   Préstamo 5 días   Viajes de Estudio Ingenieria Agroindustrial Ingenieria Agroindustrial 18/01/2022 El autor 1 T.C.714 L67 SAI 2016 1106010254 26/01/2026 Ej. 2 18/01/2022 Viaje de Estudios 30/05/2024  
    Clasificación Universidad Autónoma de Chapingo       Viajes de estudio - En línea Ingenieria Agroindustrial Ingenieria Agroindustrial 03/05/2024 El autor   T.C.714 L67 SAI 2016 1206010253 03/05/2024   03/05/2024 Viajes de Estudio - En línea   En línea